AH International Schools' Libraries

Actual Size (Record no. 49105)

MARC details
000 -LEADER
fixed length control field 00345nam a22001217a 4500
008 - FIXED-LENGTH DATA ELEMENTS--GENERAL INFORMATION
fixed length control field 250804b |||||||| |||| 00| 0 eng d
020 ## - INTERNATIONAL STANDARD BOOK NUMBER
International Standard Book Number 978-0547255545
100 ## - MAIN ENTRY--PERSONAL NAME
Personal name Steve Jenkins (Author)
9 (RLIN) 86452
245 ## - TITLE STATEMENT
Title Actual Size
260 ## - PUBLICATION, DISTRIBUTION, ETC. (IMPRINT)
Place of publication, distribution, etc Boston
Name of publisher, distributor, etc Houghton Mifflin Harcourt Publ
Date of publication, distribution, etc 2009
300 ## - PHYSICAL DESCRIPTION
Extent 32 pages
Other physical details col. ill.
Dimensions 31 cm x 26 cm
942 ## - ADDED ENTRY ELEMENTS (KOHA)
Source of classification or shelving scheme
Holdings
Withdrawn status Lost status Source of classification or shelving scheme Damaged status Not for loan Collection code Home library Current library Date acquired Total Checkouts Full call number Barcode Date last seen Price effective from Koha item type
          Non-Fiction Asian Hope Siem Reap Asian Hope Siem Reap 08/04/2025   NFIC STE 209091 08/04/2025 08/04/2025 Book

For any Logos Library related questions please contact Miss Art at swongnarasuk@asianhope.org.

For any Asian Hope Library related questions please contact Miss Raza at graza@asianhope.org.

Click here to explore our ebooks!

Powered by Koha